|
|
|
|
| LEADER |
00000nab a2200000uu 4500 |
| 001 |
vtls011154236 |
| 003 |
SK-MaSNL |
| 005 |
20260303121452.0 |
| 008 |
230131|1960 xo |||||||||||||||||slo| |
| 015 |
|
|
|a SNBRB
|
| 035 |
|
|
|a (urnnbn)urn:nbn:sk:snk:ar-a0a7jd
|
| 035 |
|
|
|a (uuid)f285706e-6b7b-4b54-999a-4ad0781abaf4
|
| 035 |
|
|
|a urn:nbn:sk:snk-abb30t
|
| 040 |
|
|
|a SNKBUCL
|b slo
|c SNKBUCL
|e AACR2
|
| 041 |
0 |
|
|a slo
|
| 044 |
|
|
|a xo
|c SK
|
| 100 |
1 |
|
|a Kováč, Vojtech,
|d 1905-1963
|4 aut
|9 157476
|
| 245 |
1 |
0 |
|a PROBLÉMY PLEMENITBY HOSPODÁRSKYCH ZVIERAT U NÁS
|c Vojtech Kováč
|
| 246 |
3 |
|
|a THE PROBLEMS OF ANIMAL BREEDING IN CZECHOSLOVAKIA
|
| 773 |
0 |
|
|t Poľnohospodárstvo : časopis pre poľnohospodárske vedy
|g Roč. 7, č. 9 (1960), s. 657-663
|
| 954 |
|
|
|a odborná, vedecká literatúra pôvodná (slovenská)
|2 lita
|
| 958 |
|
|
|a OND
|
| 958 |
|
|
|a EUIPO
|
| 958 |
|
|
|a article14
|
| 999 |
|
|
|c 1915621
|d 1917551
|